Defixionum tabellae : quotquot innotuerunt tam in Graecis Orientis quam in totius Occidentis partibus praeter Atticas in "Corpore Inscriptionum Atticarum" editas / Augustus Audollent. (Record no. 27660)
[ view plain ]
| 000 -LEADER | |
|---|---|
| campo de control de longitud fija | 00797nam a2200205 i 4500 |
| 001 - NÚMERO DE CONTROL | |
| campo de control | 27660 |
| 003 - IDENTIFICADOR DE NÚMERO DE CONTROL | |
| campo de control | ES-MaACL |
| 005 - FECHA Y HORA DE LA ÚLTIMA TRANSACCIÓN | |
| campo de control | 20230906153657.0 |
| 007 - CAMPO FIJO DE DESCRIPCIÓN FÍSICA--INFORMACIÓN GENERAL | |
| campo de control de longitud fija | t| |
| 008 - DATOS DE LONGITUD FIJA--INFORMACIÓN GENERAL | |
| campo de control de longitud fija | 030115s1904 fr ||||1| lat d |
| 100 1# - ENTRADA PRINCIPAL--NOMBRE DE PERSONA | |
| Nombre de persona | Audollent, Auguste. |
| 9 (RLIN) | 23861 |
| 245 10 - MENCIÓN DEL TÍTULO | |
| Título | Defixionum tabellae : quotquot innotuerunt tam in Graecis Orientis quam in totius Occidentis partibus praeter Atticas in "Corpore Inscriptionum Atticarum" editas / Augustus Audollent. |
| 260 ## - PUBLICACIÓN, DISTRIBUCIÓN, ETC. | |
| Lugar de publicación, distribución, etc. | Luteciae Parisiorum : |
| Nombre del editor, distribuidor, etc. | in aedibus A. Fontemoing, |
| Fecha de publicación, distribución, etc. | 1904 ( |
| Lugar de fabricación/manufactura | Andegavis : |
| Fabricante | Augusti Burdin et Sociorum) |
| 300 ## - DESCRIPCIÓN FÍSICA | |
| Extensión | CXXVIII, 568 p. ; |
| Dimensiones | 25 cm. |
| 650 #4 - PUNTO DE ACCESO ADICIONAL DE MATERIA--TÉRMINO DE MATERIA | |
| Término de materia o nombre geográfico como elemento de entrada | Inscripciones latinas. |
| 9 (RLIN) | 162641 |
| 650 #4 - PUNTO DE ACCESO ADICIONAL DE MATERIA--TÉRMINO DE MATERIA | |
| Término de materia o nombre geográfico como elemento de entrada | Inscripciones griegas. |
| 9 (RLIN) | 163295 |
| 650 04 - PUNTO DE ACCESO ADICIONAL DE MATERIA--TÉRMINO DE MATERIA | |
| Término de materia o nombre geográfico como elemento de entrada | Magia griega. |
| 9 (RLIN) | 14732 |
| 650 #4 - PUNTO DE ACCESO ADICIONAL DE MATERIA--TÉRMINO DE MATERIA | |
| Término de materia o nombre geográfico como elemento de entrada | Magia romana. |
| 9 (RLIN) | 163296 |
| 852 ## - LOCALIZACIÓN | |
| Ubicación | ES-MaACL |
| Número de control de estantería | B-3438 |
| Estatus retirado | Estado de pérdida | Estado de daño | No para préstamo | Biblioteca de origen | Biblioteca actual | Ubicación en estantería | Fecha de adquisición | Fuente de adquisición | Total de préstamos | Signatura topográfica completa | Código de barras | Visto por última vez | Precio de reemplazo | Tipo de ítem Koha |
|---|---|---|---|---|---|---|---|---|---|---|---|---|---|---|
| Biblioteca del Ateneo de Madrid | Biblioteca del Ateneo de Madrid | Sala Pardo Bazán | 17/01/2008 | B-3438 | 1028563 | 23/02/2023 | 23/02/2023 | Libro impreso |
